The Hijrah and the Charter / (Record no. 19370)

MARC details
000 -LEADER
fixed length control field 00485nam a22001697a 4500
003 - CONTROL NUMBER IDENTIFIER
control field BDDh-ASL
005 - DATE AND TIME OF LATEST TRANSACTION
control field 20231015025758.0
008 - FIXED-LENGTH DATA ELEMENTS--GENERAL INFORMATION
fixed length control field 201125s1980 b ||||| |||| 00| 0 eng d
040 ## - CATALOGING SOURCE
Original cataloging agency BDDh-ASL
Transcribing agency BDDh-ASL
082 ## - DEWEY DECIMAL CLASSIFICATION NUMBER
Classification number 297.63
Item number SHH
100 1# - MAIN ENTRY--PERSONAL NAME
9 (RLIN) 2238
Personal name Sharafuddin, Shaikh
Titles and words associated with a name Al-Hajj
245 14 - TITLE STATEMENT
Title The Hijrah and the Charter /
260 ## - PUBLICATION, DISTRIBUTION, ETC.
Place of publication, distribution, etc. Daccs :
Name of publisher, distributor, etc. Shaikh Sharafuddin,
Date of publication, distribution, etc. 1980.
300 ## - PHYSICAL DESCRIPTION
Extent 110 p. :
Dimensions 22 cm.
650 #0 - SUBJECT ADDED ENTRY--TOPICAL TERM
9 (RLIN) 2239
Topical term or geographic name entry element Prophet
Form subdivision Muhammad (SM.)
General subdivision Hijrah
942 ## - ADDED ENTRY ELEMENTS (KOHA)
Source of classification or shelving scheme Dewey Decimal Classification
Koha item type Books
Holdings
Withdrawn status Lost status Source of classification or shelving scheme Damaged status Not for loan Collection code Home library Current library Shelving location Date acquired Source of acquisition Total Checkouts Full call number Barcode Date last seen Copy number Price effective from Koha item type
    Dewey Decimal Classification     Non-fiction Asiatic Society Library Asiatic Society Library Sirajul Islam Collection 11/25/2020 Donated by Professor Sirajul Islam, FRHS   297.63 SHH 102688 11/25/2020 C-1 11/25/2020 Books
    Dewey Decimal Classification     Non-fiction Asiatic Society Library Asiatic Society Library General Stacks 04/03/2021 ASB Library Collections   297.63 SHH 108296 04/03/2021 C-2 04/03/2021 Books

Powered by Koha